Colours of Joseph's Amazing Technicolour Dreamcoat Quiz Stats

 Plays Quiz not verified by Sporcle

Also try: Famous Janes
Challenge
Share
Tweet
Embed
Score 0/29 Timer 02:00
0 Plays Today
% Correct
Red
100%
Yellow
95.5%
Green
91.7%
Brown
87.3%
Scarlet
77.1%
Black
77.1%
Peach
76.4%
Ruby
76.4%
Olive
74.5%
Violet
74.5%
Ochre
71.3%
Fawn
66.9%
Chocolate
63.7%
Cream
63.7%
Crimson
63.7%
% Correct
and Blue!
63.7%
Gold
62.4%
Lilac
60.5%
Silver
60.5%
Mauve
59.9%
Orange
58.6%
Purple
57.3%
White
57.3%
Pink
57.3%
Lemon
54.8%
Grey
54.8%
Rose
54.1%
Azure
54.1%
Russet
54.1%

You're not logged in!

Compare scores with friends on all Sporcle quizzes.
Join for Free
OR
Log In

You Might Also Like...

Show Comments

Extras

Top Quizzes Today


Score Distribution

Your Account Isn't Verified!

In order to create a playlist on Sporcle, you need to verify the email address you used during registration. Go to your Sporcle Settings to finish the process.

Report this User

Report this user for behavior that violates our Community Guidelines.

Details: